| 000 | 00579nam a2200229 a 4500 | ||
|---|---|---|---|
| 001 | BRL_1369 | ||
| 005 | 20190320211153.0 | ||
| 008 | 090114s1976----u--ao#####---#000-0#eng-# | ||
| 020 | _a0960209808 | ||
| 041 | _aeng | ||
| 044 | _au | ||
| 050 | 4 |
_aNK2808 _b.H35 1976 |
|
| 100 | 1 |
_aHall, Joanne _926668 |
|
| 245 | 1 | 0 |
_aMexican tapestry weaving _cJoanne Hall. |
| 260 |
_aHelena, MT. _bJ. Ardvison _c1976 |
||
| 300 |
_a156 p. _bil. _c29 cm. |
||
| 500 | _aAu1609 | ||
| 504 | _aBibliografĂa: p. 155-156 | ||
| 650 | 1 | 4 |
_aTapetes _zMéxico _926669 |
| 902 | _aGRL | ||
| 942 |
_2lcc _cB |
||
| 999 |
_c10180 _d10180 |
||